[Event "C.to Unione Europea U12"]
[Site "Mureck AUT"]
[Date "2007.08.02"]
[Round "2"]
[White "Visentin, Pietro"]
[Black "Stankiewicz, Pawel"]
[Result "0-1"]
[WhiteElo "1503"]
[BlackElo "1692"]
[PlyCount "126"]
[EventDate "2007.08.01"]

1. d4 Nf6 2. c4 g6 3. Nc3 Bg7 4. e4 d6 5. f3 O-O 6. Be3 e5 7. d5 c6 8. Qd2 Ne8
9. Nge2 f5 10. g3 fxe4 11. fxe4 Kh8 12. O-O-O c5 13. h4 h5 14. Bh6 a6 15. Bh3
Bxh3 16. Rxh3 Qd7 17. Rhh1 b5 18. Rhf1 Nf6 19. Qg5 Kh7 20. Bxg7 Kxg7 21. Rf3
Nxe4 22. Qe3 Rxf3 23. Qxf3 Nxc3 24. Qxc3 b4 25. Qf3 Qe7 26. Ng1 Nd7 27. Nh3 Rf8
28. Qe2 Qf6 29. Ng5 Kg8 30. Qh2 Qf2 31. Qxf2 Rxf2 32. Re1 Nf6 33. Ne6 a5 34.
Nc7 Kf7 35. Ne6 Ke7 36. Ng5 a4 37. Kb1 b3 38. Nh3 Rf3 39. Rg1 Ne4 40. Ng5 Nxg5
41. hxg5 Rf5 42. axb3 axb3 43. Kc1 Rxg5 44. Kd2 Rf5 45. Ke3 Rg5 46. Kf3 Rg4 47.
Rc1 Kd7 48. Rc3 Kc7 49. Rxb3 Rxc4 50. Ke3 Rb4 51. Rxb4 cxb4 52. b3 Kb6 53. Kd3
g5 54. Ke3 h4 55. gxh4 gxh4 56. Kf3 Kc5 57. Kg4 Kxd5 58. Kxh4 Kd4 59. Kg3 Kc3
60. Kf3 d5 61. Ke3 Kxb3 62. Kd3 Ka2 63. Kc2 b3+ 0-1

[Event "III Trofeo Perla del Sarcidano A"]
[Site "Laconi ITA"]
[Date "2007.08.04"]
[Round "1"]
[White "Dessy, Eugenio"]
[Black "Locci, Damiano"]
[Result "0-1"]
[WhiteElo "1602"]
[BlackElo "2025"]
[PlyCount "56"]
[EventDate "2007.08.04"]

1. e4 e5 2. Nf3 Nc6 3. Bb5 a6 4. Ba4 d6 5. O-O Bd7 6. c3 Nge7 7. d4 Ng6 8. Bg5
Be7 9. Bxe7 Qxe7 10. Nbd2 O-O 11. d5 Nb8 12. Bc2 Nf4 13. Re1 Bg4 14. Nf1 Qf6
15. Ng3 h5 16. Nf5 g6 17. Nh6+ Kg7 18. Nxg4 hxg4 19. Nd2 Qh4 20. Re3 Rh8 21.
Nf1 Nd7 22. Rg3 Nf6 23. f3 N4h5 24. Rxg4 Nxg4 25. fxg4 Nf4 26. Qf3 Rh7 27. h3
Qf6 28. Rd1 Nxh3+ 0-1

[Event "III Trofeo Perla del Sarcidano A"]
[Site "Laconi ITA"]
[Date "2007.08.04"]
[Round "1"]
[White "Gromovs, Sergejs"]
[Black "Altea, Giovanni"]
[Result "1-0"]
[WhiteElo "2368"]
[BlackElo "1789"]
[PlyCount "53"]
[EventDate "2007.08.04"]

1. d4 Nf6 2. Nf3 c5 3. d5 b5 4. c4 e6 5. Bg5 d6 6. Nc3 bxc4 7. e4 e5 8. Bxc4
Be7 9. O-O O-O 10. a3 Nbd7 11. Ne1 Ne8 12. Be3 Bg5 13. Qd2 Bxe3 14. Qxe3 Nb6
15. Be2 f5 16. exf5 Bxf5 17. f4 exf4 18. Rxf4 Bg6 19. Rxf8+ Kxf8 20. Nd3 Nc7
21. Nf4 Qe8 22. Qg3 Rd8 23. Re1 Kg8 24. Bd3 Qf7 25. Nxg6 hxg6 26. Bxg6 Qf6 27.
Rf1 1-0

[Event "III Trofeo Perla del Sarcidano A"]
[Site "Laconi ITA"]
[Date "2007.08.04"]
[Round "1"]
[White "Mereu, Matteo"]
[Black "Cossu, Fabrizio"]
[Result "1-0"]
[WhiteElo "1953"]
[BlackElo "1554"]
[PlyCount "53"]
[EventDate "2007.08.04"]

1. e4 d5 2. d4 Nc6 3. Nc3 e6 4. e5 Bb4 5. Bd3 f6 6. Be3 fxe5 7. Qh5+ Kf8 8.
dxe5 Qe8 9. Qh4 Nxe5 10. Qxb4+ Ne7 11. Qf4+ Nf7 12. Nf3 Ng6 13. Bxg6 hxg6 14.
Ne5 g5 15. Qxf7+ Qxf7 16. Nxf7 Kxf7 17. Bxg5 d4 18. Nb5 Rh5 19. h4 Bd7 20. Nxd4
e5 21. Nf3 Re8 22. O-O-O Bg4 23. Rde1 e4 24. Nd2 Bf5 25. f3 exf3 26. Nxf3 Rhh8
27. Rhf1 1-0

[Event "III Trofeo Perla del Sarcidano A"]
[Site "Laconi ITA"]
[Date "2007.08.04"]
[Round "1"]
[White "Palmas, Alessandro"]
[Black "Figus, Maurizio"]
[Result "0-1"]
[WhiteElo "1527"]
[BlackElo "1908"]
[PlyCount "116"]
[EventDate "2007.08.04"]

1. e4 c5 2. Nc3 Nc6 3. Bb5 g6 4. Bxc6 dxc6 5. f4 Bg7 6. Nf3 Bg4 7. h3 Bxf3 8.
Qxf3 Nf6 9. d3 Qb6 10. Rb1 Nd7 11. e5 g5 12. Ne4 gxf4 13. e6 Ne5 14. Qh5 O-O-O
15. Bxf4 Qb4+ 16. Bd2 Qd4 17. exf7 Rhf8 18. Rf1 Nxd3+ 19. cxd3 Qxd3 20. Qg4+
Kb8 21. Rd1 Ka8 22. Nxc5 Qd6 23. Ne6 Qe5+ 24. Qe2 Qg3+ 25. Rf2 Rxf7 26. Nxd8
Rf5 27. Bc3 Bxc3+ 28. bxc3 Re5 29. Qxe5 Qxe5+ 30. Kd2 a5 31. Nf7 Qe6 32. Ra1
Qd5+ 33. Kc2 Qe4+ 34. Kd2 b5 35. a3 c5 36. Nh6 Kb7 37. Ng4 b4 38. axb4 axb4 39.
cxb4 Qd4+ 40. Kc2 Qxa1 41. bxc5 h5 42. Re2 hxg4 43. Rxe7+ Kc6 44. hxg4 Qa4+ 45.
Kd3 Qxg4 46. Re2 Kxc5 47. Ke3 Kd5 48. Kf2 Kd4 49. Kf1 Kd3 50. Re8 Qh5 51. Rf8
Ke3 52. Rf3+ Kd2 53. Rh3 Qd1+ 54. Kf2 Qe1+ 55. Kf3 Qg1 56. Rh4 Ke1 57. Re4+ Kf1
58. g4 Qf2# 0-1

[Event "III Trofeo Perla del Sarcidano A"]
[Site "Laconi ITA"]
[Date "2007.08.04"]
[Round "1"]
[White "Pes, Francesco"]
[Black "Carucci, Bruno"]
[Result "1-0"]
[WhiteElo "1820"]
[BlackElo "1434"]
[PlyCount "39"]
[EventDate "2007.08.04"]

1. e4 c5 2. Nc3 d5 3. exd5 e5 4. dxe6 Bxe6 5. Nf3 Nc6 6. Bb5 Bg4 7. O-O g6 8.
Re1+ Nge7 9. Qe2 Bxf3 10. Qxf3 Rc8 11. Nd5 Bg7 12. Rxe7+ Qxe7 13. Nxe7 Kxe7 14.
d3 Rhe8 15. Qf4 Kf8 16. Be3 Kg8 17. Bc4 Kh8 18. Qxf7 Bxb2 19. Rb1 Nd4 20. Qf6#
1-0

[Event "III Trofeo Perla del Sarcidano A"]
[Site "Laconi ITA"]
[Date "2007.08.04"]
[Round "1"]
[White "Puzzoni, Christian"]
[Black "Carta, Francesco"]
[Result "1-0"]
[WhiteElo "2117"]
[BlackElo "1616"]
[PlyCount "63"]
[EventDate "2007.08.04"]

1. d4 Nf6 2. Bg5 e6 3. e4 Be7 4. e5 Nd5 5. h4 h6 6. Bxe7 Qxe7 7. a3 O-O 8. g4
f6 9. c4 Nf4 10. Nf3 fxe5 11. dxe5 d6 12. Nc3 Nc6 13. exd6 cxd6 14. Qd2 e5 15.
Rg1 e4 16. Nd4 Nd3+ 17. Bxd3 exd3+ 18. Qe3 Qxe3+ 19. fxe3 Nxd4 20. exd4 Rf4 21.
g5 hxg5 22. Rxg5 Rxh4 23. Kd2 Rg4 24. Rxg4 Bxg4 25. Nb5 Be2 26. Nxd6 Rf8 27. c5
Bf1 28. Ne4 g5 29. d5 g4 30. d6 g3 31. Nxg3 Rf2+ 32. Ke3 1-0

[Event "III Trofeo Perla del Sarcidano A"]
[Site "Laconi ITA"]
[Date "2007.08.04"]
[Round "1"]
[White "Setzu, Francesco"]
[Black "Ljubisavljevic, Zivojin Z."]
[Result "0-1"]
[WhiteElo "1646"]
[BlackElo "2296"]
[PlyCount "80"]
[EventDate "2007.08.04"]

1. d4 Nf6 2. Nf3 c5 3. d5 e6 4. c4 b5 5. dxe6 fxe6 6. cxb5 d5 7. e3 Bd6 8. Nc3
O-O 9. g3 Nbd7 10. Bg2 Nb6 11. b3 e5 12. Bb2 d4 13. exd4 exd4 14. Ne2 Bg4 15.
O-O Qd7 16. a4 Rae8 17. Re1 Ne4 18. Nc1 Qf5 19. a5 Nd5 20. Qd3 Bxf3 21. Bxf3
Qxf3 22. Qxf3 Rxf3 23. Re2 Rff8 24. Nd3 Nec3 25. Rxe8 Rxe8 26. Ba3 Rc8 27. Re1
Nxb5 28. Bb2 Kf7 29. Kg2 Nb4 30. Nxb4 cxb4 31. Re2 Nc3 32. Rd2 Bc5 33. Kf3 Re8
34. h4 Re1 35. g4 Ke6 36. Kg2 Kd5 37. f4 Ke4 38. f5 d3 39. Kh3 Be3 40. Rg2 d2
0-1

[Event "III Trofeo Perla del Sarcidano A"]
[Site "Laconi ITA"]
[Date "2007.08.05"]
[Round "2"]
[White "Altea, Giovanni"]
[Black "Palmas, Alessandro"]
[Result "1-0"]
[WhiteElo "1789"]
[BlackElo "1527"]
[PlyCount "73"]
[EventDate "2007.08.04"]

1. c4 Nf6 2. Nc3 g6 3. g3 Bg7 4. Bg2 O-O 5. e3 d6 6. Nge2 Nc6 7. O-O e5 8. a3
Be6 9. d3 Qc8 10. b4 Ne7 11. Rb1 Rb8 12. Qa4 a6 13. b5 axb5 14. Nxb5 Bd7 15.
Qc2 Bxb5 16. Rxb5 Nd7 17. Bd2 f5 18. Rfb1 c6 19. R5b4 Qc7 20. d4 exd4 21. exd4
b6 22. Bg5 Bf6 23. Bh6 Bg7 24. Bxg7 Kxg7 25. Nf4 Rf6 26. Re1 Kf7 27. Qe2 Nf8
28. Rb3 Ng8 29. Re3 Qd7 30. Bxc6 Qxc6 31. Re7+ Nxe7 32. Qxe7+ Kg8 33. Qxf6 Rb7
34. Nd5 Qxc4 35. Re7 Qc1+ 36. Kg2 Qh6 37. Rxb7 1-0

[Event "III Trofeo Perla del Sarcidano A"]
[Site "Laconi ITA"]
[Date "2007.08.05"]
[Round "2"]
[White "Carta, Francesco"]
[Black "Caredda, Giuseppe"]
[Result "1-0"]
[WhiteElo "1616"]
[BlackElo "1451"]
[PlyCount "55"]
[EventDate "2007.08.04"]

1. e4 c5 2. Nf3 Nc6 3. d4 cxd4 4. Nxd4 Nf6 5. Nc3 e5 6. Ndb5 d6 7. a4 a6 8. Na3
Be7 9. Be2 O-O 10. Bg5 Bd7 11. Nc4 Nd4 12. Bxf6 Bxf6 13. Nxd6 Qc7 14. Nc4 Rac8
15. Bd3 Be6 16. Ne3 Qc5 17. Ned5 Bh4 18. O-O f5 19. Qh5 Bxd5 20. Nxd5 Bd8 21.
Rae1 Ba5 22. c3 Nb3 23. Re3 Rc6 24. Qd1 f4 25. Rh3 Bxc3 26. Qxb3 Qd4 27. Nf6+
Kh8 28. Rxh7# 1-0

[Event "III Trofeo Perla del Sarcidano A"]
[Site "Laconi ITA"]
[Date "2007.08.05"]
[Round "2"]
[White "Cossu, Fabrizio"]
[Black "Setzu, Francesco"]
[Result "0-1"]
[WhiteElo "1554"]
[BlackElo "1646"]
[PlyCount "67"]
[EventDate "2007.08.04"]

1. c4 g6 2. d4 Bg7 3. Nf3 Nf6 4. Nc3 b6 5. e4 d6 6. h3 Bb7 7. d5 Nbd7 8. b4 a5
9. Qb3 axb4 10. Qxb4 Nxe4 11. Bb2 Nxc3 12. Bxc3 Bxc3+ 13. Qxc3 O-O 14. Bd3 Nc5
15. Bc2 Qe8 16. O-O e5 17. h4 f5 18. Rfe1 Qe7 19. a4 Ra5 20. Qd2 Rfa8 21. Qd1
Qd7 22. Ng5 Nxa4 23. Qf3 Nc5 24. Rxa5 bxa5 25. h5 Qg7 26. g4 gxh5 27. Qxf5 Bc8
28. Qxh7+ Qxh7 29. Bxh7+ Kg7 30. gxh5 Kh6 31. f4 exf4 32. Ne6 Nxe6 33. Bf5 Nd4
34. Bg6 0-1

[Event "III Trofeo Perla del Sarcidano A"]
[Site "Laconi ITA"]
[Date "2007.08.05"]
[Round "2"]
[White "Figus, Maurizio"]
[Black "Gromovs, Sergejs"]
[Result "0-1"]
[WhiteElo "1908"]
[BlackElo "2368"]
[PlyCount "84"]
[EventDate "2007.08.04"]

1. e4 d6 2. d4 Nf6 3. Nc3 g6 4. Be3 c6 5. Qd2 b5 6. f3 Qa5 7. g4 h5 8. g5 Nfd7
9. Bh3 Bg7 10. Nge2 O-O 11. f4 b4 12. Nd1 c5 13. O-O cxd4 14. Bxd4 Bxd4+ 15.
Nxd4 Nc5 16. Bxc8 Rxc8 17. Qg2 Nbd7 18. Ne3 Ne6 19. Ne2 Qb6 20. Qf2 Nd4 21.
Nxd4 Qxd4 22. Rad1 Qxb2 23. f5 Ne5 24. fxg6 fxg6 25. Nd5 Rf8 26. Nxe7+ Kg7 27.
Qe2 Rxf1+ 28. Rxf1 Qd4+ 29. Kh1 Re8 30. Nd5 Ng4 31. Nf6 Nxf6 32. gxf6+ Kf7 33.
Re1 Re6 34. Qb5 Rxf6 35. Qd7+ Kg8 36. Qe8+ Kg7 37. Rg1 Qe5 38. Qd7+ Rf7 39. Qc6
Rf2 40. Rg2 Rf1+ 41. Rg1 Qf4 42. e5 Qf2 0-1

[Event "III Trofeo Perla del Sarcidano A"]
[Site "Laconi ITA"]
[Date "2007.08.05"]
[Round "2"]
[White "Ljubisavljevic, Zivojin Z."]
[Black "Mereu, Matteo"]
[Result "1-0"]
[WhiteElo "2296"]
[BlackElo "1953"]
[PlyCount "47"]
[EventDate "2007.08.04"]

1. Nf3 d5 2. c4 c6 3. d4 Nf6 4. Nc3 Nbd7 5. cxd5 cxd5 6. Qb3 e6 7. Bf4 a6 8. e3
Qb6 9. Bd3 Qxb3 10. axb3 Be7 11. Nb5 O-O 12. Ke2 Ne8 13. Rhc1 Nb6 14. Nc7 Nxc7
15. Bxc7 Nd7 16. Ra4 Nf6 17. Ne5 Bd7 18. Raa1 Rac8 19. g4 Bc6 20. Bb6 Nd7 21.
Nxc6 Rxc6 22. Rxc6 bxc6 23. Rxa6 Rb8 24. Ba5 1-0

[Event "III Trofeo Perla del Sarcidano A"]
[Site "Laconi ITA"]
[Date "2007.08.05"]
[Round "2"]
[White "Locci, Damiano"]
[Black "Caglio, Luigi"]
[Result "1-0"]
[WhiteElo "2025"]
[BlackElo "1890"]
[PlyCount "57"]
[EventDate "2007.08.04"]

1. Nf3 d5 2. d4 c5 3. e3 Bg4 4. c4 e6 5. cxd5 Nf6 6. dxe6 Bxe6 7. Bb5+ Nbd7 8.
O-O Be7 9. h3 h6 10. Nc3 O-O 11. d5 Bxh3 12. gxh3 a6 13. Ba4 Nb6 14. Bc2 Qd7
15. Kg2 Bd6 16. e4 Rae8 17. Re1 Ng4 18. Ne2 f5 19. exf5 Ne5 20. Nxe5 Rxe5 21.
Nc3 Rexf5 22. Bxf5 Qxf5 23. Be3 Nc4 24. Qe2 Ne5 25. f4 Rf6 26. Rg1 Rg6+ 27. Kh2
Rf6 28. Rg3 Nd3 29. Qg4 1-0

[Event "III Trofeo Perla del Sarcidano A"]
[Site "Laconi ITA"]
[Date "2007.08.05"]
[Round "2"]
[White "Pinna, Nicola"]
[Black "Dessy, Eugenio"]
[Result "0-1"]
[WhiteElo "1473"]
[BlackElo "1602"]
[PlyCount "84"]
[EventDate "2007.08.04"]

1. e4 c5 2. Nc3 Nc6 3. Bb5 Nd4 4. Bc4 d6 5. d3 Nf6 6. Nge2 Nc6 7. Bb5 Bd7 8.
Bxc6 Bxc6 9. O-O h6 10. Be3 e6 11. Qd2 Be7 12. f4 Ng4 13. Kh1 O-O 14. Bg1 d5
15. exd5 exd5 16. d4 b6 17. h3 Nf6 18. Rae1 Ne4 19. Nxe4 dxe4 20. f5 Bg5 21.
Qd1 Bh4 22. Bf2 Bxf2 23. Rxf2 e3 24. Rf4 Qd5 25. Rg1 Qxa2 26. b3 Rad8 27. Nc3
Qb2 28. Qd3 Rfe8 29. d5 b5 30. Rb1 Qxb1+ 31. Nxb1 e2 32. Qc3 e1=Q+ 33. Kh2 Qxc3
34. Nxc3 Bxd5 35. Nxb5 Re2 36. Rg4 Rxc2 37. Nxa7 Bxb3 38. Nc6 Rdd2 39. Rg3 Bd5
40. Ne7+ Kh8 41. Nxd5 Rxd5 42. h4 Rxf5 0-1

[Event "III Trofeo Perla del Sarcidano A"]
[Site "Laconi ITA"]
[Date "2007.08.05"]
[Round "3"]
[White "Caglio, Luigi"]
[Black "Altea, Giovanni"]
[Result "0-1"]
[WhiteElo "1890"]
[BlackElo "1789"]
[PlyCount "50"]
[EventDate "2007.08.04"]

1. e4 c5 2. Nc3 Nc6 3. f4 g6 4. Bc4 e6 5. Nf3 Bg7 6. O-O Nge7 7. Qe1 O-O 8. d3
d5 9. Bb3 Na5 10. Ne2 Nxb3 11. axb3 b6 12. Qh4 Nc6 13. Ng5 h6 14. f5 exf5 15.
exf5 Bxf5 16. g4 Be6 17. Rf3 hxg5 18. Bxg5 f6 19. Bh6 Qe7 20. Nf4 g5 21. Qh5
gxf4 22. g5 fxg5 23. Bxg5 Qf7 24. Qh4 Qg6 25. Kf2 Qh7 0-1

[Event "III Trofeo Perla del Sarcidano A"]
[Site "Laconi ITA"]
[Date "2007.08.05"]
[Round "3"]
[White "Carucci, Bruno"]
[Black "Cossu, Fabrizio"]
[Result "0-1"]
[WhiteElo "1434"]
[BlackElo "1554"]
[PlyCount "66"]
[EventDate "2007.08.04"]

1. d4 Nf6 2. c4 g6 3. Nf3 Bg7 4. Nc3 O-O 5. e4 c6 6. Bd3 d6 7. Be3 Nbd7 8. Qd2
Re8 9. h3 e5 10. d5 cxd5 11. Nxd5 Nxd5 12. cxd5 f5 13. Ng5 f4 14. Ne6 fxe3 15.
fxe3 Qh4+ 16. Qf2 Qxf2+ 17. Kxf2 Nc5 18. Nxc5 dxc5 19. Rhd1 Bd7 20. a4 a6 21.
Rac1 Rac8 22. g4 Bxa4 23. g5 Bxd1 24. Rxd1 c4 25. Bb1 b5 26. d6 Rc6 27. d7 Rd8
28. Ba2 Rc7 29. Rd6 Rdxd7 30. Rxa6 Ra7 31. Rxa7 Rxa7 32. Bb1 Ra1 33. Bc2 Rc1
0-1

[Event "III Trofeo Perla del Sarcidano A"]
[Site "Laconi ITA"]
[Date "2007.08.05"]
[Round "3"]
[White "Dessy, Eugenio"]
[Black "Pais, Mario"]
[Result "1-0"]
[WhiteElo "1602"]
[BlackElo "1837"]
[PlyCount "51"]
[EventDate "2007.08.04"]

1. e4 d5 2. exd5 Nf6 3. d4 Bg4 4. f3 Bf5 5. Bb5+ c6 6. dxc6 Nxc6 7. Ne2 e6 8.
c3 Bd6 9. Bf4 Bxf4 10. Nxf4 Qd6 11. Nd3 O-O 12. O-O Nd5 13. Re1 Bxd3 14. Bxd3
Rad8 15. Nd2 f5 16. Nc4 Qd7 17. Ne5 Nxe5 18. Rxe5 Rfe8 19. Qb3 Kh8 20. Bb5 Qd6
21. Bxe8 Rxe8 22. Rae1 Nf4 23. Rxf5 g6 24. Rf7 b6 25. Qa4 Rd8 26. Qxa7 1-0

[Event "III Trofeo Perla del Sarcidano A"]
[Site "Laconi ITA"]
[Date "2007.08.05"]
[Round "3"]
[White "Gromovs, Sergejs"]
[Black "Locci, Damiano"]
[Result "1-0"]
[WhiteElo "2368"]
[BlackElo "2025"]
[PlyCount "83"]
[EventDate "2007.08.04"]

1. d4 d5 2. Nf3 Nf6 3. c4 c6 4. Nc3 e6 5. Bg5 Nbd7 6. e3 Qa5 7. Nd2 Bb4 8. Qc2
e5 9. Bxf6 Nxf6 10. dxe5 Ne4 11. cxd5 cxd5 12. Bb5+ Kf8 13. Bd3 Nxc3 14. bxc3
Bxc3 15. Rc1 Bxe5 16. O-O g6 17. Nf3 Bf6 18. Rb1 Kg7 19. Rb5 Qd8 20. Qb3 Qe7
21. Nd4 Rd8 22. Rc1 Bxd4 23. exd4 b6 24. Bf1 Qg5 25. Rc7 Ba6 26. Qf3 Qf6 27.
Rb3 Bxf1 28. Qxf6+ Kxf6 29. Kxf1 Rf8 30. Rf3+ Kg7 31. Rd7 a6 32. Ke2 Rad8 33.
Rfxf7+ Rxf7 34. Rxd8 Rc7 35. Kd3 Rc4 36. Rxd5 Ra4 37. Rd7+ Kh6 38. f4 Rxa2 39.
g4 g5 40. Ke4 gxf4 41. Kf5 Rg2 42. h4 1-0

[Event "III Trofeo Perla del Sarcidano A"]
[Site "Laconi ITA"]
[Date "2007.08.05"]
[Round "3"]
[White "Mereu, Matteo"]
[Black "Napoli, Nicolo'"]
[Result "0-1"]
[WhiteElo "1953"]
[BlackElo "2277"]
[PlyCount "54"]
[EventDate "2007.08.04"]

1. e4 g6 2. d4 Bg7 3. Nc3 d6 4. Be3 a6 5. Qd2 b5 6. a3 Bb7 7. Bd3 Nd7 8. Nge2
c5 9. dxc5 dxc5 10. Ng3 Ngf6 11. Bh6 O-O 12. Bxg7 Kxg7 13. Qg5 e6 14. O-O-O h6
15. Qf4 b4 16. Nb1 Rc8 17. Bc4 Qc7 18. Qxc7 Rxc7 19. f3 Ne5 20. Be2 h5 21. Rd6
a5 22. Rhd1 Rfc8 23. Ba6 h4 24. Ne2 h3 25. Bxb7 Rxb7 26. f4 Nc4 27. e5 Nd5 0-1

[Event "III Trofeo Perla del Sarcidano A"]
[Site "Laconi ITA"]
[Date "2007.08.05"]
[Round "3"]
[White "Palmas, Alessandro"]
[Black "Pinna, Nicola"]
[Result "1/2-1/2"]
[WhiteElo "1527"]
[BlackElo "1473"]
[PlyCount "36"]
[EventDate "2007.08.04"]

1. e4 e5 2. Nf3 Nc6 3. Bc4 Nf6 4. Nc3 Bc5 5. d3 O-O 6. Bg5 a6 7. a3 b5 8. Ba2
Bb7 9. b4 Be7 10. Be3 h6 11. h3 Re8 12. O-O Bf8 13. Re1 d6 14. Qd2 Ne7 15. Ne2
Ng6 16. Ng3 Bc8 17. c4 c5 18. Qc3 Qc7 1/2-1/2

[Event "III Trofeo Perla del Sarcidano A"]
[Site "Laconi ITA"]
[Date "2007.08.05"]
[Round "3"]
[White "Pes, Francesco"]
[Black "Carta, Francesco"]
[Result "1-0"]
[WhiteElo "1820"]
[BlackElo "1616"]
[PlyCount "37"]
[EventDate "2007.08.04"]

1. e4 e5 2. Nf3 Nc6 3. d4 exd4 4. Nxd4 Bc5 5. c3 Qf6 6. Be3 Nge7 7. Be2 b6 8.
O-O Bb7 9. Nb5 O-O-O 10. Bxc5 bxc5 11. Qa4 Kb8 12. N5a3 d5 13. Nd2 d4 14. Ndc4
Nc8 15. Qb5 d3 16. Bf3 Nd6 17. Qxc5 Rhe8 18. Nxd6 Re5 19. Qe3 1-0

[Event "III Trofeo Perla del Sarcidano A"]
[Site "Laconi ITA"]
[Date "2007.08.05"]
[Round "3"]
[White "Puzzoni, Christian"]
[Black "Ljubisavljevic, Zivojin Z."]
[Result "0-1"]
[WhiteElo "2117"]
[BlackElo "2296"]
[PlyCount "102"]
[EventDate "2007.08.04"]

1. d4 Nf6 2. Bg5 Ne4 3. h4 c5 4. dxc5 Na6 5. Qd4 Qa5+ 6. Nd2 Nxd2 7. Bxd2 Qxc5
8. Nf3 Qxd4 9. Nxd4 e5 10. Nb5 d5 11. O-O-O Be6 12. e4 d4 13. f4 f6 14. h5 Be7
15. f5 Bf7 16. Kb1 O-O 17. c3 Nc5 18. Rh4 Rfd8 19. cxd4 exd4 20. Nc7 Rac8 21.
Nd5 Kf8 22. Nxe7 Kxe7 23. e5 fxe5 24. Bg5+ Kf8 25. Bxd8 Rxd8 26. g4 h6 27. Rh3
Ne4 28. Rh2 Ng5 29. Re2 e4 30. Bg2 Bc4 31. Ree1 d3 32. Rxe4 Nxe4 33. Bxe4 Ba6
34. Rd2 Rd4 35. Bf3 Ke7 36. b3 Kf6 37. Kb2 Ke5 38. Kc3 Rd7 39. a4 Rc7+ 40. Kb2
Kd4 41. Bd1 b5 42. axb5 Bxb5 43. Rg2 Bc6 44. Rg3 Be4 45. g5 Bxf5 46. gxh6 gxh6
47. Rg8 d2 48. Rf8 Be4 49. Rf6 Rc1 50. Bg4 Rb1+ 51. Ka2 Rg1 0-1

[Event "III Trofeo Perla del Sarcidano A"]
[Site "Laconi ITA"]
[Date "2007.08.05"]
[Round "3"]
[White "Setzu, Francesco"]
[Black "Figus, Maurizio"]
[Result "0-1"]
[WhiteElo "1646"]
[BlackElo "1908"]
[PlyCount "51"]
[EventDate "2007.08.04"]

1. d4 e5 2. dxe5 Nc6 3. Nf3 Bc5 4. Nc3 f6 5. exf6 Nxf6 6. Bg5 d6 7. e3 Be6 8.
a3 a5 9. Ne4 Bb6 10. Nxf6+ gxf6 11. Bh4 Rg8 12. Bg3 Qe7 13. Bb5 O-O-O 14. Bxc6
bxc6 15. Qd3 Kb7 16. O-O Qf7 17. Qc3 h5 18. h4 Rg4 19. Nd4 Bd5 20. Qd2 Qg6 21.
b3 Rxh4 22. c4 Be4 23. Ne2 Rg4 24. Nf4 Qf5 25. Bh2 Qxf4 26. f3 0-1

[Event "III Trofeo Perla del Sarcidano A"]
[Site "Laconi ITA"]
[Date "2007.08.06"]
[Round "4"]
[White "Altea, Giovanni"]
[Black "Carucci, Bruno"]
[Result "1-0"]
[WhiteElo "1789"]
[BlackElo "1434"]
[PlyCount "83"]
[EventDate "2007.08.04"]

1. c4 Nf6 2. g3 e6 3. Bg2 Nc6 4. Nc3 d5 5. cxd5 exd5 6. d4 Bb4 7. Nf3 O-O 8.
O-O Bxc3 9. bxc3 Na5 10. Qc2 Re8 11. Ne5 c5 12. e3 Ng4 13. Nf3 Be6 14. h3 Nf6
15. Ne5 Qc8 16. Qa4 Bxh3 17. Qxa5 Bxg2 18. Kxg2 Qf5 19. Qb5 h5 20. Qe2 h4 21.
g4 h3+ 22. Kxh3 Qc8 23. Qf3 Re6 24. Kg2 Rxe5 25. dxe5 Nxg4 26. Qh3 Qe6 27. Rh1
f5 28. Qh8+ Kf7 29. Qxa8 Nxe5 30. Qxb7+ Nd7 31. Rh3 Kf6 32. Ba3 Qe4+ 33. Kg1
Qe6 34. Rh4 Kg5 35. Rh2 Kf6 36. Rd1 Nb6 37. Bxc5 f4 38. Bd4+ Kg6 39. Qxg7+ Kf5
40. Rh5+ Ke4 41. f3+ Kxf3 42. Qg2# 1-0

[Event "III Trofeo Perla del Sarcidano A"]
[Site "Laconi ITA"]
[Date "2007.08.06"]
[Round "4"]
[White "Caredda, Giuseppe"]
[Black "Palmas, Alessandro"]
[Result "0-1"]
[WhiteElo "1451"]
[BlackElo "1527"]
[PlyCount "120"]
[EventDate "2007.08.04"]

1. d4 Nf6 2. c4 g6 3. Nc3 Bg7 4. e4 d6 5. Nf3 O-O 6. Be2 Bg4 7. O-O Bxf3 8.
Bxf3 Nbd7 9. Be3 c6 10. b4 a5 11. Rb1 Qc7 12. b5 cxb5 13. Rxb5 Qxc4 14. Qd2
Rfc8 15. e5 Qxc3 16. Qxc3 Rxc3 17. exf6 Nxf6 18. Rxb7 Re8 19. Ra7 Ra3 20. Ra1
e6 21. Bc1 Rd3 22. Bb2 Rb8 23. Ra8 Rxa8 24. Bxa8 d5 25. Rc1 Bh6 26. Rc8+ Kg7
27. g3 Ne4 28. Rc2 Rd2 29. Rxd2 Nxd2 30. Kg2 Nc4 31. Bc3 Bd2 32. Bxd2 Nxd2 33.
Bc6 Kf6 34. f4 Ne4 35. h4 h6 36. Be8 Ke7 37. Bc6 Nc3 38. a4 Ne4 39. Kf3 f6 40.
Bb5 g5 41. h5 f5 42. Bd3 g4+ 43. Kg2 Nf6 44. Kf2 Nxh5 45. Bb5 Nf6 46. Kg2 Ne4
47. Bd3 Nf6 48. Bb5 Nh7 49. Kf2 Nf8 50. Ke3 Ng6 51. Kf2 h5 52. Kg2 h4 53. Kf2
hxg3+ 54. Kxg3 Nf8 55. Bd3 Nh7 56. Kh4 Nf6 57. Kg3 Ne4+ 58. Bxe4 dxe4 59. Kf2
Kd6 60. Ke3 Kd5 0-1

[Event "III Trofeo Perla del Sarcidano A"]
[Site "Laconi ITA"]
[Date "2007.08.06"]
[Round "4"]
[White "Cossu, Fabrizio"]
[Black "Caglio, Luigi"]
[Result "1/2-1/2"]
[WhiteElo "1554"]
[BlackElo "1890"]
[PlyCount "48"]
[EventDate "2007.08.04"]

1. d4 Nf6 2. c4 e5 3. dxe5 Ng4 4. Nf3 Bc5 5. e3 Nc6 6. Nc3 Ngxe5 7. Nxe5 Nxe5
8. f4 Ng6 9. Bd3 O-O 10. Na4 Bb4+ 11. Bd2 Bxd2+ 12. Qxd2 d5 13. cxd5 Nxf4 14.
exf4 Qe8+ 15. Kf2 Qxa4 16. Rhe1 Qd4+ 17. Kf1 Bf5 18. Rad1 Bxd3+ 19. Qxd3 Qxf4+
20. Kg1 Rfe8 21. Qb5 Re3 22. Qxb7 Rae8 23. Rf1 Qc4 24. Qxa7 Re2 1/2-1/2

[Event "III Trofeo Perla del Sarcidano A"]
[Site "Laconi ITA"]
[Date "2007.08.06"]
[Round "4"]
[White "Figus, Maurizio"]
[Black "Dessy, Eugenio"]
[Result "1-0"]
[WhiteElo "1908"]
[BlackElo "1602"]
[PlyCount "40"]
[EventDate "2007.08.04"]

1. d4 Nf6 2. c4 g6 3. Nc3 Bg7 4. e4 d6 5. f3 O-O 6. Be3 c5 7. d5 a6 8. Nge2 Ne8
9. Ng3 f5 10. exf5 Bxf5 11. Bd3 Bxd3 12. Qxd3 Nd7 13. f4 Nc7 14. O-O Rb8 15. a4
a5 16. Rae1 Na6 17. b3 Nb4 18. Qd2 Qb6 19. Nce4 Rbe8 20. Ng5 Rf7 1-0

[Event "III Trofeo Perla del Sarcidano A"]
[Site "Laconi ITA"]
[Date "2007.08.06"]
[Round "4"]
[White "Locci, Damiano"]
[Black "Pes, Francesco"]
[Result "1-0"]
[WhiteElo "2025"]
[BlackElo "1820"]
[PlyCount "43"]
[EventDate "2007.08.04"]

1. Nf3 Nf6 2. d4 d5 3. c4 e6 4. g3 c5 5. Bg2 Bd6 6. O-O O-O 7. Qc2 Nc6 8. dxc5
Nb4 9. Qb3 Bxc5 10. a3 Nc6 11. Bg5 Be7 12. cxd5 Nxd5 13. Bxe7 Qxe7 14. Nbd2 a5
15. Nc4 Qc5 16. Rac1 a4 17. Qd3 Qb6 18. Rfd1 Qd8 19. e4 Nf6 20. Qxd8 Nxd8 21.
Rxd8 Ne8 22. Nd6 1-0

[Event "III Trofeo Perla del Sarcidano A"]
[Site "Laconi ITA"]
[Date "2007.08.06"]
[Round "4"]
[White "Napoli, Nicolo'"]
[Black "Puzzoni, Christian"]
[Result "1-0"]
[WhiteElo "2277"]
[BlackElo "2117"]
[PlyCount "123"]
[EventDate "2007.08.04"]

1. e4 e5 2. Nf3 d5 3. exd5 Bd6 4. d4 e4 5. Ne5 Nf6 6. Bb5+ c6 7. dxc6 O-O 8.
Nc3 Nxc6 9. Bxc6 bxc6 10. Bg5 Ba6 11. Qd2 Qb6 12. Bxf6 gxf6 13. Nd7 Qa5 14.
Nxe4 Qf5 15. Ndxf6+ Kh8 16. Qg5 Qxg5 17. Nxg5 Rfe8+ 18. Nge4 Rxe4+ 19. Nxe4 Re8
20. f3 f5 21. O-O-O fxe4 22. fxe4 Rxe4 23. Rhe1 Be2 24. Kb1 Bxh2 25. Rd2 Bf3
26. Rxe4 Bxe4 27. Re2 Bd5 28. b3 Bg1 29. c3 Kg7 30. Kc2 Kf6 31. Kd3 h5 32. Re1
Bh2 33. Rh1 Bd6 34. Rxh5 Bxg2 35. Rh6+ Ke7 36. Rh7+ Ke6 37. Rxa7 Bh3 38. Ke3 c5
39. Rh7 cxd4+ 40. Kxd4 Be5+ 41. Kc5 Bf5 42. Rh6+ Kd7 43. c4 Bb1 44. a4 Bc2 45.
a5 Bf4 46. Rh3 Kc7 47. Rf3 Bd6+ 48. Kd5 Bb4 49. Rf7+ Kb8 50. a6 Ka8 51. Rb7 Be1
52. b4 Bd1 53. Kc5 Bf2+ 54. Kb5 Bh4 55. Re7 Bh5 56. Re4 Bf6 57. c5 Bg6 58. Re6
Bd3+ 59. Kc6 Bg5 60. b5 Ka7 61. Re8 Bd8 62. b6+ 1-0